00705nam a2200241 a 4500001001300000003000900013005001700022008004100039020000900080082001500089100000700104245003500111260004700146300000800193500003500201505002400236650003500260700000700295902000800302942000700310952012900317999001700446nice12345678IN_TiNIC20260116013931.0050524s1972 bana grp 000 0 eng  ac1000a294.5bWHA a,  aWhat Every Hindu Ought to Know aBangalorebSahitya Sindhu Prakashanac1972 a99p aincludes index and biblioraphy2 aIndex, Bibliography aReligious Fundamentalism-Hindu1 a,  bSRS cBK 001040708StackRoom-aHMIbHMId2007-07-23g10.00l2m1o294.5 WHAp017803r2026-02-27s2026-02-10v10.00w2005-05-24yBK c13173d13173